| 000 | 01154nam0a22002771 4500 | ||
|---|---|---|---|
| 001 | rc\2635336 | ||
| 005 | 20250623151146.0 | ||
| 035 | _a(NLR Aleph) 006798742 | ||
| 090 |
_a6221039 _c6221039 |
||
| 100 | _a20110914d1932 |||y0rusy50 ca | ||
| 101 | 0 | _arus | |
| 102 | _aRU | ||
| 105 | _ay z ||||| | ||
| 200 | 1 |
_aПрограмма-конспект вводных курсов (Гражданское строительство) _e2 цикл - специальный _fРазработана инж. Л. В. Анамировым и инж. Г. В. Десненко _gЦутехпроп НКПС |
|
| 210 |
_a[Москва] _cстекл. Ш/о НКПС _d[1932] |
||
| 215 |
_aII, 66 с. _d29х21 см. |
||
| 300 | _aСтеклогр. изд. | ||
| 702 | 1 |
_aДесненко _bГ.В. _4570 |
|
| 702 | 1 |
_aАнамиров _bЛ.В. _4570 |
|
| 710 | 0 | 1 |
_aСССР _bНародный комиссариат путей сообщения _bЦентральное управление технической пропаганды |
| 801 | 0 |
_aRU _bNLR _gpsbo |
|
| 801 | 1 |
_aRU _bELAR _2rusmarc |
|
| 852 |
_aNLR _j32-13/703 |
||
| 942 | _cBOOK | ||
| 980 | _aNB | ||